[Event "CHN-chT (Women)"]
[Site "Hangzhou"]
[Date "2023.05.20"]
[Round "2.1"]
[White "Zhao, Xinghan"]
[Black "Wang, Doudou"]
[Result "1/2-1/2"]
[WhiteElo "1612"]
[BlackElo "2121"]
[PlyCount "65"]
[EventDate "2023.05.19"]
[EventType "team-swiss"]
[EventRounds "9"]
[EventCountry "CHN"]
[SourceTitle "CBM 214 Extra"]
[Source "ChessBase"]
[SourceDate "2023.07.31"]
[SourceVersion "1"]
[SourceVersionDate "2023.07.31"]
[SourceQuality "1"]
[WhiteTeam "Shandong (W)"]
[BlackTeam "Chongqing (W)"]
[WhiteTeamCountry "CHN"]
[BlackTeamCountry "CHN"]

1. e4 c5 2. Nf3 Nc6 3. d4 cxd4 4. Nxd4 e5 5. Nb5 a6 6. Nd6+ Bxd6 7. Qxd6 Qe7 8. Qd1 Nf6 9. Nc3 d6 10. Bc4 Be6 11. Bb3 Nd4 12. Bg5 Nxb3 13. axb3 Rd8 14. Qd2 h6 15. Bh4 Rd7 16. Bxf6 Qxf6 17. 0-0 0-0 18. f4 exf4 19. Rxf4 Qe5 20. Re1 Rc8 21. Rf3 Qc5+ 22. Kh1 b5 23. Qf4 Qe5 24. Qd2 Qc5 25. Rf2 Rdc7 26. Ree2 Qe5 27. Qd3 Rc5 28. h3 R5c7 29. Rd2 Rc6 30. Rde2 R6c7 31. Rd2 Rc6 32. Rde2 R6c7 33. Rd2 1/2-1/2

[Event "China zt 3.5 (Women)"]
[Site "Shenzhen"]
[Date "2023.04.10"]
[Round "6"]
[White "Yuan, Ye"]
[Black "Wang, Doudou"]
[Result "1/2-1/2"]
[WhiteElo "2112"]
[BlackElo "2161"]
[PlyCount "60"]
[EventDate "2023.04.05"]
[EventType "swiss"]
[EventRounds "9"]
[EventCountry "CHN"]
[SourceTitle "CBM 213 Extra"]
[Source "ChessBase"]
[SourceDate "2023.05.31"]
[SourceVersion "1"]
[SourceVersionDate "2023.05.31"]
[SourceQuality "1"]

1. d4 d5 2. c4 c6 3. Nf3 Nf6 4. Qc2 e6 5. g3 dxc4 6. Qxc4 b5 7. Qc2 Bb7 8. Bg2 Nbd7 9. 0-0 c5 10. Nc3 b4 11. Na4 cxd4 12. Nxd4 Rc8 13. Qb3 Bxg2 14. Kxg2 Be7 15. a3 bxa3 16. bxa3 0-0 17. Bb2 Nc5 18. Nxc5 Bxc5 19. Rfd1 Qb6 20. Qxb6 axb6 21. a4 Rfd8 22. Nb3 Be7 23. Rac1 Rxc1 24. Rxd8+ Bxd8 25. Bxc1 Nd5 26. Bd2 f5 27. f4 Kf7 28. a5 bxa5 29. Bxa5 Bxa5 30. Nxa5 Nc3 1/2-1/2

[Event "CHN-ch blitz (Women)"]
[Site "Shenyang"]
[Date "2019.12.19"]
[Round "8"]
[White "Zhao, Shengxin"]
[Black "Wang, Doudou"]
[Result "1-0"]
[WhiteElo "2080"]
[BlackElo "2173"]
[PlyCount "59"]
[EventDate "2019.12.18"]
[EventType "swiss (blitz)"]
[EventRounds "9"]
[EventCountry "CHN"]
[SourceTitle "CBM 193 Extra"]
[Source "ChessBase"]
[SourceDate "2020.01.31"]
[SourceVersion "1"]
[SourceVersionDate "2020.01.31"]
[SourceQuality "1"]

1. d4 d5 2. c4 e6 3. g3 Nf6 4. Bg2 Be7 5. Nf3 0-0 6. 0-0 dxc4 7. Qc2 a6 8. a4 Nc6 9. Qxc4 Qd5 10. Qd3 Nb4 11. Qd1 c5 12. Nc3 Qd8 13. dxc5 Bxc5 14. Qb3 Qe7 15. Bg5 Nc6 16. Ne4 Ba7 17. Nxf6+ gxf6 18. Bh4 e5 19. Nd2 Bf5 20. Ne4 Bxe4 21. Bxe4 Qe6 22. Qf3 Nd4 23. Qh5 f5 24. Bxb7 Rab8 25. Bg2 Rxb2 26. e3 Nb3 27. Rad1 Qg6 28. Qxg6+ fxg6 29. Rd7 Rf7 30. Bd5 1-0

[Event "CHN-ch blitz (Women)"]
[Site "Shenyang"]
[Date "2019.12.18"]
[Round "1"]
[White "Hu, Yu A"]
[Black "Wang, Doudou"]
[Result "1-0"]
[WhiteElo "2006"]
[BlackElo "2173"]
[PlyCount "87"]
[EventDate "2019.12.18"]
[EventType "swiss (blitz)"]
[EventRounds "9"]
[EventCountry "CHN"]
[SourceTitle "CBM 193 Extra"]
[Source "ChessBase"]
[SourceDate "2020.01.31"]
[SourceVersion "1"]
[SourceVersionDate "2020.01.31"]
[SourceQuality "1"]

1. e4 e5 2. Nf3 Nc6 3. Bb5 a6 4. Ba4 d6 5. c3 Bd7 6. 0-0 g6 7. d4 Bg7 8. h3 exd4 9. cxd4 b5 10. Bb3 Nge7 11. Nc3 0-0 12. Bg5 h6 13. Bh4 Kh7 14. Rc1 Qe8 15. Nd5 Rc8 16. Re1 f6 17. Bg3 Na5 18. Nxc7 Qd8 19. Ne6 Bxe6 20. Bxe6 Rxc1 21. Qxc1 Qb6 22. Qf4 f5 23. Qxd6 Qxd6 24. Bxd6 Re8 25. e5 Nc8 26. Bxc8 Rxc8 27. e6 Nb7 28. Ba3 a5 29. e7 Re8 30. Bc5 Nxc5 31. dxc5 Bf6 32. c6 Kg8 33. c7 Kf7 34. Ne5+ Ke6 35. Nxg6+ Kd7 36. Rc1 Bxe7 37. Nxe7 Kxe7 38. c8Q Rxc8 39. Rxc8 Kd6 40. Ra8 a4 41. Ra6+ Kc5 42. Rxh6 b4 43. h4 Kc4 44. Rf6 1-0

[Event "CHN-ch blitz (Women)"]
[Site "Shenyang"]
[Date "2019.12.18"]
[Round "3"]
[White "Li, Yunshan"]
[Black "Wang, Doudou"]
[Result "1-0"]
[WhiteElo "1962"]
[BlackElo "2173"]
[PlyCount "71"]
[EventDate "2019.12.18"]
[EventType "swiss (blitz)"]
[EventRounds "9"]
[EventCountry "CHN"]
[SourceTitle "CBM 193 Extra"]
[Source "ChessBase"]
[SourceDate "2020.01.31"]
[SourceVersion "1"]
[SourceVersionDate "2020.01.31"]
[SourceQuality "1"]

1. d4 d5 2. c4 e6 3. Nf3 Nf6 4. g3 c6 5. Bg2 Bd6 6. Qc2 0-0 7. 0-0 b6 8. Nbd2 Bb7 9. b3 Nbd7 10. Bb2 Rc8 11. e4 dxe4 12. Nxe4 Nxe4 13. Qxe4 Nf6 14. Qc2 c5 15. dxc5 Bxc5 16. Ng5 Ne4 17. Nxe4 f5 18. Nxc5 Bxg2 19. Kxg2 bxc5 20. Rad1 Qg5 21. Qe2 Rce8 22. Qe5 Qg6 23. Rd7 Rf7 24. Rfd1 Ref8 25. R1d6 h6 26. Rxf7 Qxf7 27. Qxe6 Qxe6 28. Rxe6 f4 29. gxf4 Rxf4 30. Re5 Rg4+ 31. Kf3 Rh4 32. Kg3 g5 33. Rxc5 Re4 34. Re5 Rf4 35. c5 Kf7 36. c6 1-0

[Event "CHN-ch blitz (Women)"]
[Site "Shenyang"]
[Date "2019.12.18"]
[Round "2"]
[White "Wang, Doudou"]
[Black "Bai, Xue"]
[Result "0-1"]
[WhiteElo "2173"]
[BlackElo "1643"]
[PlyCount "80"]
[EventDate "2019.12.18"]
[EventType "swiss (blitz)"]
[EventRounds "9"]
[EventCountry "CHN"]
[SourceTitle "CBM 193 Extra"]
[Source "ChessBase"]
[SourceDate "2020.01.31"]
[SourceVersion "1"]
[SourceVersionDate "2020.01.31"]
[SourceQuality "1"]

1. c4 e6 2. Nf3 Nf6 3. e3 d5 4. b3 Be7 5. Bb2 c5 6. cxd5 exd5 7. d4 Nc6 8. Be2 Be6 9. 0-0 0-0 10. dxc5 Bxc5 11. Nd4 Nxd4 12. Bxd4 Bxd4 13. Qxd4 Qe7 14. Nd2 a6 15. Rac1 Rac8 16. h3 Qa3 17. Qa1 h6 18. Nf3 Ne4 19. Nd4 Qa5 20. Qb2 Qb4 21. a3 Qd6 22. Bd3 Nc5 23. Bb1 Nd7 24. Rfd1 Qe5 25. Qd2 Nc5 26. Qb4 Qd6 27. Qd2 b6 28. b4 Nd7 29. Qd3 g6 30. Qxa6 Ra8 31. Qd3 Ne5 32. Qb3 Nc4 33. Nxe6 Qxe6 34. a4 Ra7 35. Bc2 Rc7 36. Bd3 Rfc8 37. b5 Na5 38. Qb2 Qd6 39. Rxc7 Qxc7 40. Rc1 Qxc1+ 0-1

[Event "CHN-ch rapid (Women)"]
[Site "Tianjin"]
[Date "2019.12.18"]
[Round "7"]
[White "Wang, Doudou"]
[Black "Zhao, Shengxin"]
[Result "0-1"]
[WhiteElo "2184"]
[BlackElo "2181"]
[PlyCount "90"]
[EventDate "2019.12.17"]
[EventType "swiss (rapid)"]
[EventRounds "9"]
[EventCountry "CHN"]
[SourceTitle "CBM 193 Extra"]
[Source "ChessBase"]
[SourceDate "2020.01.31"]
[SourceVersion "1"]
[SourceVersionDate "2020.01.31"]
[SourceQuality "1"]

1. Nf3 d5 2. b3 Nf6 3. Bb2 g6 4. e3 Bg7 5. c4 c6 6. Be2 0-0 7. 0-0 a5 8. d4 Nbd7 9. Nbd2 a4 10. b4 a3 11. Bc3 dxc4 12. Nxc4 Nd5 13. Bd2 N7b6 14. Qb3 Nxc4 15. Bxc4 Nb6 16. Be2 Be6 17. Qc2 Bf5 18. e4 Bg4 19. Be3 Bxf3 20. Bxf3 Bxd4 21. Rad1 e5 22. Bxd4 exd4 23. Qc5 Na4 24. Qxd4 Qxd4 25. Rxd4 Rfd8 26. Rfd1 Rxd4 27. Rxd4 Nc3 28. Rd2 Ra4 29. h4 Rxb4 30. Rd3 Nb5 31. Rd7 Nd4 32. Bg4 h5 33. Bh3 c5 34. e5 Rb2 35. Rd8+ Kg7 36. Rd7 Kf8 37. Rd8+ Ke7 38. Rd7+ Ke8 39. Rc7 Rxa2 40. Rxb7 Rb2 41. Ra7 a2 42. Kh2 Nb3 43. Ra8+ Ke7 44. Ra7+ Kf8 45. e6 fxe6 0-1

[Event "CHN-ch rapid (Women)"]
[Site "Tianjin"]
[Date "2019.12.17"]
[Round "1"]
[White "Bai, Xue"]
[Black "Wang, Doudou"]
[Result "1/2-1/2"]
[WhiteElo "1758"]
[BlackElo "2184"]
[PlyCount "114"]
[EventDate "2019.12.17"]
[EventType "swiss (rapid)"]
[EventRounds "9"]
[EventCountry "CHN"]
[SourceTitle "CBM 193 Extra"]
[Source "ChessBase"]
[SourceDate "2020.01.31"]
[SourceVersion "1"]
[SourceVersionDate "2020.01.31"]
[SourceQuality "1"]

1. e4 e5 2. Nf3 Nc6 3. Bb5 a6 4. Ba4 d6 5. c3 Bd7 6. d3 g6 7. Qe2 Bg7 8. Na3 Nge7 9. Nc2 0-0 10. b4 b5 11. Bb3 a5 12. a3 h6 13. 0-0 Kh7 14. Rb1 axb4 15. axb4 f5 16. Ne3 f4 17. Nd5 Nxd5 18. Bxd5 Rb8 19. Rd1 g5 20. h3 Ne7 21. Nh2 Nxd5 22. exd5 Ra8 23. Qf3 Bf5 24. Rb2 Ra1 25. Rbd2 Qa8 26. Bb2 Rxd1+ 27. Rxd1 Qa2 28. Qe2 Qxd5 29. c4 Qc6 30. Rc1 bxc4 31. dxc4 Be4 32. f3 Bg6 33. c5 Qb7 34. Qd2 Rb8 35. cxd6 cxd6 36. Qxd6 Qxb4 37. Bxe5 Qxd6 38. Bxd6 Bd4+ 39. Kh1 Rd8 40. Be7 Rd7 41. Ba3 Be3 42. Re1 h5 43. Nf1 Bf2 44. Re7+ Rxe7 45. Bxe7 Bd3 46. Nd2 Kg6 47. Nb3 Kf5 48. Nd2 Be3 49. Ne4 g4 50. Nc5 Be2 51. hxg4+ hxg4 52. fxg4+ Kxg4 53. Ne6 Kg3 54. Bd6 Bf1 55. Bxf4+ Bxf4 56. Nxf4 Kxf4 57. Kg1 Bxg2 1/2-1/2

[Event "CHN-ch rapid (Women)"]
[Site "Tianjin"]
[Date "2019.12.17"]
[Round "2"]
[White "Wang, Doudou"]
[Black "Zhang, Lanlin"]
[Result "0-1"]
[WhiteElo "2184"]
[BlackElo "2199"]
[PlyCount "86"]
[EventDate "2019.12.17"]
[EventType "swiss (rapid)"]
[EventRounds "9"]
[EventCountry "CHN"]
[SourceTitle "CBM 193 Extra"]
[Source "ChessBase"]
[SourceDate "2020.01.31"]
[SourceVersion "1"]
[SourceVersionDate "2020.01.31"]
[SourceQuality "1"]

1. c4 d6 2. Nc3 e5 3. Nf3 Nc6 4. g3 g6 5. d4 Bg7 6. dxe5 Nxe5 7. Nxe5 Bxe5 8. Bg2 Bg7 9. 0-0 Nf6 10. Be3 0-0 11. Rc1 Be6 12. Nd5 c6 13. Nxf6+ Qxf6 14. b3 Rfd8 15. Qd2 Qe7 16. Qb4 a5 17. Qd2 d5 18. Bb6 Rd7 19. cxd5 Bxd5 20. Rfd1 Be6 21. Qc2 Rxd1+ 22. Rxd1 Bf8 23. h4 Qb4 24. Be3 a4 25. bxa4 Rxa4 26. Rd8 Rxa2 27. Qd3 Bf5 28. Qd1 Rb2 29. Kh2 Rb1 30. Qd2 Qxd2 31. Bxd2 Kg7 32. e4 Be6 33. Bc3+ f6 34. Bxf6+ Kxf6 35. Rxf8+ Kg7 36. Rb8 b5 37. e5 c5 38. Rb7+ Kh6 39. Rb6 Bc4 40. Rc6 Rb2 41. g4 Rxf2 42. Kg3 Rxg2+ 43. Kxg2 Bd5+ 0-1

[Event "CHN-ch rapid (Women)"]
[Site "Tianjin"]
[Date "2019.12.17"]
[Round "3"]
[White "Wang, Yu A"]
[Black "Wang, Doudou"]
[Result "0-1"]
[WhiteElo "2307"]
[BlackElo "2184"]
[PlyCount "84"]
[EventDate "2019.12.17"]
[EventType "swiss (rapid)"]
[EventRounds "9"]
[EventCountry "CHN"]
[SourceTitle "CBM 193 Extra"]
[Source "ChessBase"]
[SourceDate "2020.01.31"]
[SourceVersion "1"]
[SourceVersionDate "2020.01.31"]
[SourceQuality "1"]

1. e4 c5 2. Nf3 Nc6 3. d4 cxd4 4. Nxd4 e5 5. Nb5 a6 6. Nd6+ Bxd6 7. Qxd6 Qf6 8. Qxf6 Nxf6 9. Nc3 Nb4 10. Bd3 Nxd3+ 11. cxd3 d5 12. exd5 Bf5 13. 0-0 0-0 14. Re1 Rfe8 15. Bg5 Bxd3 16. Rad1 Bf5 17. Bxf6 gxf6 18. d6 Be6 19. Ne4 Kg7 20. Re3 f5 21. Nc5 Kf6 22. Nxb7 Reb8 23. d7 Rxb7 24. d8Q+ Rxd8 25. Rxd8 Rxb2 26. h4 Rxa2 27. Rdd3 Ra1+ 28. Kh2 Ra2 29. Ra3 Rxf2 30. Rxa6 f4 31. Re1 Kf5 32. Ra5 f6 33. Rc1 h5 34. Rac5 Kg4 35. R5c2 Rxc2 36. Rxc2 e4 37. Rc6 Bf5 38. Rxf6 e3 39. Rf7 e2 40. Re7 f3 41. Kg1 Kg3 42. Re3 e1Q+ 0-1

[Event "Asian Continental op (Women) 18th"]
[Site "Xingtai"]
[Date "2019.06.09"]
[Round "3"]
[White "Wang, Doudou"]
[Black "Mordido, Kylen Joy"]
[Result "0-1"]
[WhiteElo "2188"]
[BlackElo "2133"]
[PlyCount "66"]
[EventDate "2019.06.07"]
[EventType "swiss"]
[EventRounds "9"]
[EventCountry "CHN"]
[SourceTitle "CBM 190 Extra"]
[Source "ChessBase"]
[SourceDate "2019.07.15"]
[SourceVersion "1"]
[SourceVersionDate "2019.07.15"]
[SourceQuality "1"]

1. d4 Nf6 2. c4 c5 3. d5 b5 4. cxb5 a6 5. bxa6 g6 6. Nc3 Bxa6 7. e4 Bxf1 8. Kxf1 d6 9. Nf3 Nbd7 10. g3 Bg7 11. Kg2 0-0 12. Qe2 Qa5 13. Bd2 Rfb8 14. b3 Ng4 15. Rac1 Qa6 16. Qxa6 Rxa6 17. Na4 Nge5 18. Nxe5 Nxe5 19. f4 Nd3 20. Rc4 Nb2 21. Nxb2 Rxa2 22. Bc1 Bxb2 23. Rc2 Rxb3 24. e5 c4 25. exd6 exd6 26. Re1 c3 27. f5 Ra5 28. Re8+ Kg7 29. f6+ Kxf6 30. Rf2+ Kg7 31. Re7 Bxc1 32. Rfxf7+ Kh6 33. h4 Kh5 0-1

[Event "Asian Continental op (Women) 18th"]
[Site "Xingtai"]
[Date "2019.06.07"]
[Round "1"]
[White "Wang, Doudou"]
[Black "Sukandar, Irine Kharisma"]
[Result "0-1"]
[WhiteElo "2188"]
[BlackElo "2378"]
[PlyCount "114"]
[EventDate "2019.06.07"]
[EventType "swiss"]
[EventRounds "9"]
[EventCountry "CHN"]
[SourceTitle "CBM 190 Extra"]
[Source "ChessBase"]
[SourceDate "2019.07.15"]
[SourceVersion "1"]
[SourceVersionDate "2019.07.15"]
[SourceQuality "1"]

1. d4 d5 2. Nf3 Nf6 3. Bf4 e6 4. e3 c5 5. c3 Bd6 6. Bxd6 Qxd6 7. Nbd2 Nbd7 8. Bd3 0-0 9. 0-0 e5 10. dxe5 Nxe5 11. Nxe5 Qxe5 12. Nf3 Qe7 13. c4 dxc4 14. Bxc4 Bg4 15. Be2 Rad8 16. Qc2 g6 17. Rfd1 Bf5 18. Qc3 Rfe8 19. Rxd8 Rxd8 20. Rd1 Rxd1+ 21. Bxd1 Be4 22. h3 Qd6 23. Be2 Bxf3 24. Bxf3 b6 25. a3 h5 26. Be2 Ne4 27. Qc2 Qe5 28. Bc4 Kg7 29. Be2 Nd6 30. Qd2 b5 31. Qc2 a5 32. Qd2 b4 33. axb4 cxb4 34. Bf1 Qc5 35. Qd1 Nc8 36. Be2 Nb6 37. Kf1 a4 38. Kg1 Kh7 39. g3 b3 40. Bf1 Qd5 41. Qc1 Nd7 42. Qc3 Nc5 43. Bg2 Qd1+ 44. Kh2 Qc2 45. Qf6 Qc4 46. Bf1 Qe6 47. Qd4 Qb6 48. Qc4 Kg8 49. Qd4 Qc7 50. Qb4 Qe5 51. Bg2 Kg7 52. Qc4 h4 53. Kh1 hxg3 54. fxg3 Qxe3 55. Kh2 a3 56. bxa3 b2 57. Qc2 Qc1 0-1

[Event "CHN-ch blitz (Women)"]
[Site "Shenzhen"]
[Date "2017.12.09"]
[Round "9"]
[White "Wang, Doudou"]
[Black "Wang, Jue"]
[Result "0-1"]
[WhiteElo "2191"]
[BlackElo "2359"]
[PlyCount "104"]
[EventDate "2017.12.08"]
[EventType "swiss (blitz)"]
[EventRounds "9"]
[EventCountry "CHN"]
[SourceTitle "CBM 182 Extra"]
[Source "ChessBase"]
[SourceDate "2018.02.23"]
[SourceVersion "1"]
[SourceVersionDate "2018.02.23"]
[SourceQuality "1"]

1. Nf3 d5 2. d4 Nf6 3. c4 e6 4. e3 b6 5. Qc2 Bb7 6. Nbd2 Nbd7 7. Be2 Bd6 8. 0-0 0-0 9. b3 Rc8 10. Bb2 Re8 11. Rac1 c5 12. Qb1 Bf8 13. cxd5 exd5 14. Rfd1 g6 15. Bb5 a6 16. Be2 Bg7 17. Qa1 Qe7 18. a3 Bh6 19. Nf1 Ne4 20. Ne5 Nxe5 21. dxe5 Bg7 22. f4 f6 23. exf6 Bxf6 24. Bxf6 Nxf6 25. Bf3 Rcd8 26. Qb2 Ne4 27. Rd3 a5 28. Rcd1 Qe6 29. Ng3 Nxg3 30. hxg3 Bc6 31. Kf2 Kf7 32. Kf1 Bb5 33. Kf2 Bxd3 34. Rxd3 c4 35. bxc4 dxc4 36. Rc3 Rd3 37. Rxd3 cxd3 38. Qd4 Kf8 39. Bd5 Qd6 40. Qh8+ Ke7 41. Qxh7+ Kd8 42. e4 d2 43. Qh1 Rxe4 44. Qh8+ Re8 45. Qd4 Qc5 46. Qxc5 bxc5 47. Bb3 c4 48. Bc2 Re1 49. g4 d1Q 50. Bxd1 Rxd1 51. f5 gxf5 52. gxf5 Ke7 0-1

[Event "CHN-ch blitz (Women)"]
[Site "Shenzhen"]
[Date "2017.12.09"]
[Round "8"]
[White "Xiao, Yiyi"]
[Black "Wang, Doudou"]
[Result "0-1"]
[WhiteElo "2311"]
[BlackElo "2191"]
[PlyCount "136"]
[EventDate "2017.12.08"]
[EventType "swiss (blitz)"]
[EventRounds "9"]
[EventCountry "CHN"]
[SourceTitle "CBM 182 Extra"]
[Source "ChessBase"]
[SourceDate "2018.02.23"]
[SourceVersion "1"]
[SourceVersionDate "2018.02.23"]
[SourceQuality "1"]

1. d4 Nf6 2. c4 g6 3. g3 Bg7 4. Bg2 0-0 5. Nf3 d6 6. 0-0 c6 7. Nc3 Nbd7 8. h3 e5 9. e4 Re8 10. Re1 Qa5 11. d5 cxd5 12. cxd5 b5 13. a3 Qb6 14. Be3 Qb8 15. b4 a6 16. Nd2 Nb6 17. a4 Nxa4 18. Nxa4 bxa4 19. Qxa4 Bd7 20. Qa3 Bb5 21. Bf1 Qb7 22. Bg5 h6 23. Bxf6 Bxf6 24. Nc4 Bxc4 25. Bxc4 Reb8 26. Reb1 Qc8 27. Bxa6 Qxh3 28. Qc3 h5 29. Bf1 Qd7 30. Rxa8 Rxa8 31. Qc6 Qd8 32. b5 Rc8 33. Qa6 Ra8 34. Qc6 Rc8 35. Qb7 Rb8 36. Qa7 h4 37. b6 hxg3 38. fxg3 Bg5 39. b7 Qc7 40. Rb2 Bc1 41. Rb3 Bd2 42. Kg2 Kg7 43. Rb2 Bc3 44. Rc2 Rxb7 45. Qa3 Rb2 46. Rxb2 Bxb2 47. Qxb2 Qc5 48. Qf2 Qc3 49. Qf3 Qc2+ 50. Kh3 Qc1 51. Be2 Qc2 52. Qd3 Qc1 53. Kg2 Qb2 54. Kf2 Qb6+ 55. Qe3 Qb2 56. Qf3 Qc2 57. Qe3 Qb2 58. Qd3 Qa2 59. Qa6 Qd2 60. Qd3 Qb4 61. Qc4 Qa3 62. Qc6 Qb4 63. Bf3 Qd4+ 64. Kg2 Qb2+ 65. Kh3 Qa3 66. Bg2 Qb4 67. Qd7 Qa3 68. Qg4 Qb4 0-1

[Event "CHN-ch rapid (Women)"]
[Site "Shenzhen"]
[Date "2017.12.08"]
[Round "9"]
[White "Wang, Doudou"]
[Black "Ren, Xiaoyi"]
[Result "1/2-1/2"]
[WhiteElo "2191"]
[BlackElo "2254"]
[PlyCount "112"]
[EventDate "2017.12.07"]
[EventType "swiss (rapid)"]
[EventRounds "9"]
[EventCountry "CHN"]
[SourceTitle "CBM 182 Extra"]
[Source "ChessBase"]
[SourceDate "2018.02.23"]
[SourceVersion "1"]
[SourceVersionDate "2018.02.23"]
[SourceQuality "1"]

1. Nf3 d5 2. b3 Nf6 3. Bb2 g6 4. e3 Bg7 5. Be2 0-0 6. 0-0 c5 7. d3 Nc6 8. c4 b6 9. Nbd2 Bb7 10. a3 Qd7 11. Qc2 Rfd8 12. Rfd1 Rac8 13. Rac1 a5 14. Nb1 d4 15. exd4 Nxd4 16. Nxd4 cxd4 17. Nd2 Nd5 18. Bf3 Nf4 19. Bxb7 Qxb7 20. Nf3 Rc5 21. h4 Rh5 22. Rb1 g5 23. Bc1 Nxg2 24. Kxg2 g4 25. Qe2 Rxh4 26. Bf4 Rh5 27. Qe4 Qxe4 28. dxe4 gxf3+ 29. Kxf3 e5 30. Bg3 Rh6 31. b4 axb4 32. axb4 Rc6 33. Rdc1 Rdc8 34. c5 bxc5 35. Rxc5 Rxc5 36. bxc5 Rxc5 37. Rb8+ Bf8 38. Kg4 f6 39. Rb7 Rc6 40. Bh4 d3 41. Rd7 Rd6 42. Rxd6 Bxd6 43. Kf3 Kg7 44. Ke3 Kg6 45. Kxd3 Be7 46. f3 Kh5 47. Bg3 Kg5 48. Ke3 Bc5+ 49. Ke2 h5 50. Kf1 h4 51. Bh2 Be3 52. Kg2 Bf4 53. Bg1 Bd2 54. Bf2 Bb4 55. Be3+ Kh5 56. Bf2 Bd2 1/2-1/2

[Event "CHN-ch rapid (Women)"]
[Site "Shenzhen"]
[Date "2017.12.07"]
[Round "6"]
[White "Wang, Doudou"]
[Black "Chu, Ruotong"]
[Result "1/2-1/2"]
[WhiteElo "2191"]
[BlackElo "2166"]
[PlyCount "88"]
[EventDate "2017.12.07"]
[EventType "swiss (rapid)"]
[EventRounds "9"]
[EventCountry "CHN"]
[SourceTitle "CBM 182 Extra"]
[Source "ChessBase"]
[SourceDate "2018.02.23"]
[SourceVersion "1"]
[SourceVersionDate "2018.02.23"]
[SourceQuality "1"]

1. Nf3 Nf6 2. b3 g6 3. Bb2 Bg7 4. e3 0-0 5. Be2 d5 6. 0-0 c5 7. d4 Ne4 8. Nbd2 Nc6 9. Bd3 Bf5 10. Qe2 Nb4 11. a3 Nxd3 12. cxd3 Nxd2 13. Qxd2 cxd4 14. Bxd4 Bxd4 15. Nxd4 Qd7 16. Rfc1 Rfc8 17. h3 b6 18. a4 Rxc1+ 19. Rxc1 Rc8 20. Rc3 Rxc3 21. Qxc3 Qc8 22. Qxc8+ Bxc8 23. Nc6 Kf8 24. Nxa7 Bd7 25. d4 Ke8 26. Kf1 Kd8 27. Ke2 Kc7 28. Kf3 Kb7 29. Nb5 Bxb5 30. axb5 Kc7 31. e4 e6 32. exd5 exd5 33. Kf4 f6 34. h4 Kd6 35. Kg4 Ke6 36. f3 h6 37. Kf4 f5 38. g4 Kf6 39. Kg3 Ke6 40. Kf4 Kf6 41. Kg3 Ke6 42. Kf4 Kf6 43. Kg3 Ke6 44. Kh3 f4 1/2-1/2

[Event "CHN-ch rapid (Women)"]
[Site "Shenzhen"]
[Date "2017.12.07"]
[Round "4"]
[White "Wang, Doudou"]
[Black "Zhang, Lanlin"]
[Result "1/2-1/2"]
[WhiteElo "2191"]
[BlackElo "2183"]
[PlyCount "83"]
[EventDate "2017.12.07"]
[EventType "swiss (rapid)"]
[EventRounds "9"]
[EventCountry "CHN"]
[SourceTitle "CBM 182 Extra"]
[Source "ChessBase"]
[SourceDate "2018.02.23"]
[SourceVersion "1"]
[SourceVersionDate "2018.02.23"]
[SourceQuality "1"]

1. Nf3 Nf6 2. b3 b6 3. Bb2 Bb7 4. d4 e6 5. e3 Be7 6. Nbd2 0-0 7. Bd3 d5 8. 0-0 Nbd7 9. Qe2 c5 10. c4 Ne4 11. Rfd1 cxd4 12. exd4 Nxd2 13. Rxd2 Nf6 14. Ne5 Rc8 15. Rc2 Rc7 16. Rac1 Qa8 17. c5 Rd8 18. cxb6 Rxc2 19. Rxc2 axb6 20. Rc7 Bd6 21. Rxf7 Bxe5 22. dxe5 Kxf7 23. exf6 g6 24. Bd4 Rc8 25. Qe3 Qa3 26. h4 Qc1+ 27. Kh2 Qxe3 28. fxe3 Ra8 29. a4 Ba6 30. Bxa6 Rxa6 31. Kg3 e5 32. Bxe5 b5 33. axb5 Rb6 34. Bc3 Rxb5 35. b4 Ke6 36. Kf3 Rb7 37. g4 Rc7 38. Bd4 Rb7 39. Bc3 Rc7 40. Bd4 Rb7 41. Bc3 Rc7 42. Bd4 1/2-1/2

[Event "CHN-chT"]
[Site "China"]
[Date "2017.07.29"]
[Round "11.4"]
[White "Wang, Doudou"]
[Black "Stefanova, Antoaneta"]
[Result "1/2-1/2"]
[WhiteElo "2186"]
[BlackElo "2512"]
[PlyCount "128"]
[EventDate "2017.04.18"]
[EventType "team-tourn"]
[EventRounds "22"]
[EventCountry "CHN"]
[SourceTitle "EXT 2018"]
[Source "ChessBase"]
[SourceDate "2017.10.13"]
[SourceVersion "1"]
[SourceVersionDate "2017.10.13"]
[SourceQuality "1"]
[WhiteTeam "Hebei"]
[BlackTeam "Tianjin"]
[WhiteTeamCountry "CHN"]
[BlackTeamCountry "CHN"]

1. d4 g6 2. c4 Bg7 3. Nc3 d6 4. Nf3 e5 5. dxe5 dxe5 6. Qxd8+ Kxd8 7. Bg5+ f6 8. 0-0-0+ Nd7 9. Be3 Bh6 10. Nd5 Bxe3+ 11. Nxe3 h5 12. g3 c6 13. Nh4 Ne7 14. f4 Kc7 15. Bg2 Re8 16. Nc2 exf4 17. gxf4 g5 18. fxg5 fxg5 19. Nf3 g4 20. Nfd4 Ne5 21. b3 Bd7 22. Rhf1 Rf8 23. Ne3 h4 24. Kd2 Rg8 25. Rf6 h3 26. Be4 g3 27. hxg3 Rxg3 28. Nf3 Nxf3+ 29. Bxf3 Rh8 30. Rf7 Re8 31. Ke1 Be6 32. Rh7 Bg8 33. Rh6 Rxf3 34. exf3 Nf5 35. Rxh3 Nxe3 36. Rd2 Nxc4+ 37. Re2 Rxe2+ 38. Kxe2 Nd6 39. Ke3 c5 40. Kf4 a5 41. Ke5 a4 42. f4 axb3 43. axb3 c4 44. bxc4 Nxc4+ 45. Kd4 Nd6 46. Ke5 b5 47. Rg3 Ba2 48. Rg2 Bc4 49. f5 Nf7+ 50. Kd4 Kb6 51. Rc2 Nd6 52. f6 Bf7 53. Rb2 Kc6 54. Rb1 Nc4 55. Rc1 Kb6 56. Rb1 Na3 57. Rb2 Kc6 58. Re2 b4 59. Re7 Nb5+ 60. Kd3 Bg6+ 61. Kc4 Nd6+ 62. Kxb4 Kd5 63. Rd7 Ke6 64. Rxd6+ Ke5 1/2-1/2

[Event "CHN-chT"]
[Site "China"]
[Date "2017.04.21"]
[Round "4.5"]
[White "Wang, Doudou"]
[Black "Gu, Tianlu"]
[Result "0-1"]
[WhiteElo "2207"]
[BlackElo "2212"]
[PlyCount "88"]
[EventDate "2017.04.18"]
[EventType "team-tourn"]
[EventRounds "22"]
[EventCountry "CHN"]
[SourceTitle "CBM 177 Extra"]
[Source "ChessBase"]
[SourceDate "2017.04.27"]
[SourceVersion "1"]
[SourceVersionDate "2017.04.27"]
[SourceQuality "1"]
[WhiteTeam "Hebei"]
[BlackTeam "Hangzhou"]
[WhiteTeamCountry "CHN"]
[BlackTeamCountry "CHN"]

1. d4 d5 2. c4 c6 3. Nf3 Nf6 4. e3 g6 5. Bd3 Bg7 6. Nbd2 0-0 7. 0-0 Nbd7 8. b3 b6 9. Bb2 Bb7 10. Qe2 c5 11. Rfd1 e6 12. Ne5 Qe7 13. Rac1 Rfd8 14. Ndf3 Nxe5 15. Nxe5 dxc4 16. Bxc4 cxd4 17. Bxd4 Nd5 18. h3 Rac8 19. Ba6 Rxc1 20. Rxc1 Qa3 21. Rc7 Nxc7 22. Bxb7 Qc1+ 23. Kh2 Nd5 24. Qc4 Qxc4 25. bxc4 Nb4 26. a4 Bxe5+ 27. Bxe5 Nd3 28. Bd4 Nc5 29. Bf3 Nxa4 30. g4 Rc8 31. Be2 Nc5 32. h4 Ne4 33. g5 Nxf2 34. Kg3 Ne4+ 35. Kf4 Nd6 36. c5 bxc5 37. Bc3 c4 38. Ke5 Nb5 39. Bb4 c3 40. Bxb5 c2 41. Ba3 c1Q 42. Bxc1 Rxc1 43. Kf6 Rc5 44. Bd3 Rc3 0-1